000
00335pab a2200145 454500
008
180718b1983 xxu||||| |||| 00| 0 eng d
100
_a
Brotchie, John F.
245
_a
Computer use in urban planning
260
_c
1983
300
_a
38-44
362
_a
Sept.
650
_a
Computers
773
_a
National Development
909
_a
6299
999
_c
6299
_d
6299